| 000 | 00581nam a2200133Ia 4500 | ||
|---|---|---|---|
| 008 | 171207s9999 xx 000 0 und d | ||
| 100 | _aLachner, Andreas | ||
| 245 | _aMind the gap! Automated concept map feedback supports students in writing cohesive explanations. | ||
| 245 | _cLachner, Andreas; Burkhart, Christian; Nückles, Matthias. http://dx.doi.org/10.1037/xap0000111 | ||
| 260 | _c2017 | ||
| 300 | _apages 29-46, March 2017 | ||
| 440 |
_aJournal of Experimental Psychology: Applied _v23:1 |
||
| 650 | _aINSTRUCTIONAL APPLICATIONS, WRITING, COHESION, FEEDBACK, CONCEPT MAPS | ||
| 999 |
_c347481 _d347481 |
||